000 00323noi a22001337a 4500
005 20250929103825.0
008 200109b xxu||||| |||| 00| 0 spa d
082 _aIU
245 _aInformática usuarios
650 _aSALA DE INFORMÁTICA
650 _aEQUIPO TECNOLÓGICO
650 _aCOMPUTADORAS
942 _cCOMPU
_2ddc
999 _c12539
_d12539